[Event "XII Festival Ducale A"]
[Site "Genova ITA"]
[Date "2004.07.07"]
[Round "5"]
[White "Van Hoolandt, Patrick"]
[Black "Gromovs, Sergejs"]
[Result "0-1"]
[WhiteElo "2245"]
[BlackElo "2341"]
[PlyCount "72"]
[EventDate "2004.07.04"]

1. c4 Nf6 2. Nf3 g6 3. Nc3 Bg7 4. e4 d6 5. d4 O-O 6. Be2 e5 7. O-O Nc6 8. d5
Ne7 9. Ne1 Ne8 10. f3 f5 11. g4 c6 12. Ng2 Kh8 13. Rb1 a6 14. b4 Ng8 15. c5
fxg4 16. fxg4 Rxf1+ 17. Kxf1 a5 18. Be3 axb4 19. Rxb4 cxd5 20. exd5 Ra3 21. Rb3
Rxb3 22. Qxb3 dxc5 23. Bxc5 Ngf6 24. h3 h5 25. Nh4 Kh7 26. Qb1 e4 27. Nxe4 Nxe4
28. Qxe4 Qxh4 29. Qxe8 Qxh3+ 30. Kf2 hxg4 31. Qe3 Qh2+ 32. Ke1 Qh1+ 33. Qg1
Qxd5 34. a3 Bc3+ 35. Kf1 g3 36. Qe3 Qh1+ 0-1

[Event "XII Festival Ducale A"]
[Site "Genova ITA"]
[Date "2004.07.07"]
[Round "5"]
[White "Voltolini, Giuseppe"]
[Black "Rodriguez Alvarez, Alan"]
[Result "0-1"]
[WhiteElo "2241"]
[BlackElo "2071"]
[PlyCount "70"]
[EventDate "2004.07.04"]

1. e4 c5 2. Nf3 Nc6 3. d4 cxd4 4. Nxd4 Qb6 5. Nb3 Nf6 6. Nc3 e6 7. Bd3 Be7 8.
O-O a6 9. Kh1 O-O 10. Qe2 Qc7 11. f4 d6 12. a3 b5 13. Bd2 Bb7 14. Rf3 b4 15.
axb4 Nxb4 16. Na5 d5 17. Nxb7 Nxd3 18. cxd3 Qxb7 19. Rff1 d4 20. Na4 Qb5 21. g4
Rac8 22. Qf3 Bb4 23. Bxb4 Qxb4 24. g5 Nd7 25. Qh5 Rc2 26. Rf3 Rfc8 27. Raf1
Qxa4 28. f5 exf5 29. exf5 Rc1 30. Kg1 Rxf1+ 31. Rxf1 Qb5 32. Qf3 Rc2 33. g6
hxg6 34. fxg6 Qg5+ 35. Kh1 Qxg6 0-1

[Event "XII Festival Ducale A"]
[Site "Genova ITA"]
[Date "2004.07.08"]
[Round "6"]
[White "Barletta, Antonio"]
[Black "Astengo, Corrado"]
[Result "1/2-1/2"]
[WhiteElo "2066"]
[BlackElo "2161"]
[PlyCount "96"]
[EventDate "2004.07.04"]

1. e4 e6 2. d3 d5 3. Nd2 Nf6 4. g3 b6 5. Bg2 Bb7 6. Ngf3 c5 7. O-O Nc6 8. Re1
dxe4 9. dxe4 Be7 10. c3 O-O 11. e5 Nd7 12. Nf1 Qc7 13. Bf4 Rfd8 14. Qe2 Nf8 15.
h4 Ng6 16. Bg5 Bxg5 17. hxg5 a5 18. N1h2 Ba6 19. c4 Bb7 20. Ng4 Nd4 21. Nxd4
Rxd4 22. Bxb7 Qxb7 23. Rad1 Rad8 24. Rxd4 Rxd4 25. Rd1 Qe4 26. Qxe4 Rxe4 27.
Rd8+ Nf8 28. Ne3 Rxe5 29. Rb8 Rxg5 30. Rxb6 h5 31. Ra6 h4 32. g4 Re5 33. Rxa5
f5 34. gxf5 exf5 35. b4 f4 36. Nd5 cxb4 37. Rb5 Re1+ 38. Kg2 g5 39. Nxb4 Ne6
40. Kh3 Rh1+ 41. Kg2 Rc1 42. Re5 Kf7 43. Nd3 Rxc4 44. Rxg5 Rd4 45. Ne5+ Kf6 46.
Nf3 h3+ 47. Kh2 Rd3 48. Rg6+ Kf5 1/2-1/2

[Event "XII Festival Ducale A"]
[Site "Genova ITA"]
[Date "2004.07.08"]
[Round "6"]
[White "Bonade', Massimo"]
[Black "Cogliandro, Santo"]
[Result "1-0"]
[WhiteElo "2107"]
[BlackElo "1781"]
[PlyCount "73"]
[EventDate "2004.07.04"]

1. d4 Nf6 2. c4 c5 3. d5 e5 4. Nc3 d6 5. e4 Be7 6. Nf3 O-O 7. Be2 Na6 8. O-O
Ne8 9. Ne1 Bg5 10. a3 f5 11. f3 Nac7 12. b4 Bxc1 13. Qxc1 b6 14. Nc2 f4 15. a4
Na6 16. Qa3 Nxb4 17. Nxb4 cxb4 18. Qxb4 Qc7 19. Rfb1 Bd7 20. a5 Rb8 21. axb6
Rxb6 22. Nb5 Bxb5 23. cxb5 Qb8 24. Qa5 a6 25. Rc1 axb5 26. Rc6 Rb7 27. Rb1 b4
28. Ba6 Qa7+ 29. Kh1 Nc7 30. Rxd6 Rfb8 31. Rc6 Rb6 32. Rxb6 Rxb6 33. d6 Rxa6
34. dxc7 Qb7 35. Qd5+ Qxd5 36. exd5 Ra8 37. d6 1-0

[Event "XII Festival Ducale A"]
[Site "Genova ITA"]
[Date "2004.07.08"]
[Round "6"]
[White "Broomfield, Matthew P."]
[Black "Scacco, Mauro"]
[Result "1-0"]
[WhiteElo "2273"]
[BlackElo "2117"]
[PlyCount "65"]
[EventDate "2004.07.04"]

1. e4 c5 2. Nf3 d6 3. d4 cxd4 4. Nxd4 Nf6 5. f3 e5 6. Nb3 Be7 7. c4 O-O 8. Be3
b5 9. cxb5 d5 10. exd5 Nxd5 11. Bf2 Bb4+ 12. N1d2 e4 13. fxe4 Re8 14. Be2 Nf4
15. O-O Qg5 16. Bg3 Nxe2+ 17. Qxe2 Bxd2 18. Nxd2 Bg4 19. Qf2 Be6 20. e5 Nd7 21.
Ne4 Qg6 22. Nd6 Rf8 23. Qe3 Nb6 24. a4 Nd5 25. Qc5 Qg5 26. Ra3 h5 27. Qf2 Qg4
28. Rf3 f6 29. Bh4 g5 30. Bg3 h4 31. exf6 hxg3 32. Rxg3 Qh5 33. Qe1 1-0

[Event "XII Festival Ducale A"]
[Site "Genova ITA"]
[Date "2004.07.08"]
[Round "6"]
[White "Calzetta Ruiz, Monica"]
[Black "Manca, Federico"]
[Result "1/2-1/2"]
[WhiteElo "2289"]
[BlackElo "2366"]
[PlyCount "41"]
[EventDate "2004.07.04"]

1. e4 c5 2. Nf3 e6 3. d4 cxd4 4. Nxd4 Nf6 5. Nc3 d6 6. Be3 Be7 7. Be2 Nc6 8.
Qd2 O-O 9. O-O-O a6 10. f4 Qc7 11. g4 Nxd4 12. Qxd4 e5 13. Qd3 d5 14. fxe5 dxe4
15. Qd4 Rd8 16. Qb6 Rxd1+ 17. Rxd1 Qxe5 18. Bd4 Qf4+ 19. Be3 Qe5 20. Bd4 Qf4+
21. Be3 1/2-1/2

[Event "XII Festival Ducale A"]
[Site "Genova ITA"]
[Date "2004.07.08"]
[Round "6"]
[White "Del Nevo, Claudio"]
[Black "Voltolini, Giuseppe"]
[Result "0-1"]
[WhiteElo "1941"]
[BlackElo "2241"]
[PlyCount "64"]
[EventDate "2004.07.04"]

1. d4 d5 2. Nf3 Nf6 3. Bg5 e6 4. e3 c5 5. Bxf6 gxf6 6. c3 Nc6 7. Qc2 Bd6 8.
Nbd2 f5 9. dxc5 Bxc5 10. Nb3 Bd6 11. Bb5 a6 12. Bd3 Qf6 13. Nbd4 O-O 14. h4 Kh8
15. Ng5 Qg7 16. O-O-O Nxd4 17. exd4 f6 18. Nh3 Qxg2 19. Rdg1 Qf3 20. h5 Rg8 21.
Rxg8+ Kxg8 22. Qd1 Qxd1+ 23. Kxd1 Bd7 24. f4 Kf7 25. Ke1 Rg8 26. Kf2 b5 27. Be2
a5 28. Ke3 b4 29. c4 dxc4 30. Bxc4 Rg2 31. Rg1 Rxb2 32. d5 Bc5+ 0-1

[Event "XII Festival Ducale A"]
[Site "Genova ITA"]
[Date "2004.07.08"]
[Round "6"]
[White "Estremera Panos, Sergio"]
[Black "Sarno, Spartaco"]
[Result "1/2-1/2"]
[WhiteElo "2341"]
[BlackElo "2401"]
[PlyCount "59"]
[EventDate "2004.07.04"]

1. d4 Nf6 2. c4 g6 3. Nc3 d5 4. cxd5 Nxd5 5. e4 Nxc3 6. bxc3 Bg7 7. Bc4 O-O 8.
Ne2 c5 9. O-O Nc6 10. Be3 Qc7 11. Rc1 Rd8 12. Bf4 Qd7 13. d5 Na5 14. Bd3 b6 15.
Qd2 e5 16. Bh6 Qe7 17. Bxg7 Kxg7 18. f4 f6 19. Rf2 Nb7 20. Rcf1 Nd6 21. fxe5
fxe5 22. Ng3 Bd7 23. Rf6 Qxf6 24. Rxf6 Kxf6 25. Nh5+ gxh5 26. Qh6+ Ke7 27. Qg5+
Kf8 28. Qh6+ Ke7 29. Qg5+ Kf8 30. Qh6+ 1/2-1/2

[Event "XII Festival Ducale A"]
[Site "Genova ITA"]
[Date "2004.07.08"]
[Round "6"]
[White "Gromovs, Sergejs"]
[Black "Schmitz, Andreas Arnold"]
[Result "0-1"]
[WhiteElo "2341"]
[BlackElo "2243"]
[PlyCount "66"]
[EventDate "2004.07.04"]

1. d4 d5 2. Nf3 Nf6 3. c4 dxc4 4. Nc3 a6 5. a4 Nc6 6. e4 Bg4 7. d5 Ne5 8. h3
Bxf3 9. gxf3 e6 10. f4 Nd3+ 11. Bxd3 cxd3 12. dxe6 fxe6 13. Qb3 Bc5 14. Qxe6+
Qe7 15. Qxe7+ Bxe7 16. e5 Nh5 17. Nd5 Rd8 18. Nxc7+ Kf7 19. Bd2 Rd4 20. e6+ Kg6
21. Be3 Re4 22. Rg1+ Kf6 23. Kf1 h6 24. f3 Rc4 25. Re1 Rd8 26. Bb6 d2 27. Rd1
Bc5 28. e7 Kxe7 29. Ne6 Bxb6 30. Nxd8 Bxg1 31. Rxd2 Rc1+ 32. Kg2 Nxf4+ 33. Kg3
Be3 0-1

[Event "XII Festival Ducale A"]
[Site "Genova ITA"]
[Date "2004.07.08"]
[Round "6"]
[White "Lazic, Miroljub"]
[Black "Sedina, Elena"]
[Result "0-1"]
[WhiteElo "2471"]
[BlackElo "2396"]
[PlyCount "78"]
[EventDate "2004.07.04"]

1. Nf3 d5 2. b3 Nf6 3. Bb2 Bg4 4. e3 Nbd7 5. h3 Bh5 6. d3 e6 7. Nbd2 Bxf3 8.
Nxf3 Bb4+ 9. c3 Bd6 10. c4 c6 11. Be2 Bb4+ 12. Nd2 a5 13. a3 Bd6 14. d4 O-O 15.
O-O Qe7 16. Re1 Rfb8 17. Bd3 Re8 18. e4 dxe4 19. Nxe4 Nxe4 20. Bxe4 Qh4 21. Bd3
Rad8 22. Bf1 e5 23. g3 Qf6 24. Qg4 g6 25. Rad1 h5 26. Qe4 Qe7 27. dxe5 Bxa3 28.
Ba1 Nc5 29. Qc2 Bb4 30. Rxd8 Rxd8 31. Rd1 Ne6 32. Bd3 Bc5 33. Bc3 b6 34. Be4
Bd4 35. Kg2 Bxc3 36. Rxd8+ Qxd8 37. Qxc3 Qd4 38. Qc2 Qxe5 39. f4 39... Qd6 $138
0-1

[Event "XII Festival Ducale A"]
[Site "Genova ITA"]
[Date "2004.07.08"]
[Round "6"]
[White "Pruijssers, Roeland"]
[Black "Miladinovic, Igor"]
[Result "0-1"]
[WhiteElo "2257"]
[BlackElo "2630"]
[PlyCount "76"]
[EventDate "2004.07.04"]

1. e4 c5 2. Nf3 Nc6 3. Bb5 e6 4. O-O Nge7 5. c3 a6 6. Be2 d5 7. exd5 Nxd5 8. d4
cxd4 9. Nxd4 Bd6 10. c4 Nde7 11. Nf3 Nf5 12. Nc3 Nfd4 13. Ne4 Bc7 14. Bg5 f6
15. Nxd4 Qxd4 16. Bh5+ Ke7 17. Qf3 Qe5 18. g3 Nd4 19. Qa3+ Bd6 20. c5 Bc7 21.
Bf4 Qxh5 22. Bxc7 Qd5 23. Qd3 e5 24. Bd6+ Kf7 25. f4 Bg4 26. Rad1 Be2 27. Qe3
Bxf1 28. Rxf1 exf4 29. Rxf4 Ne6 30. Nc3 Qc6 31. Rb4 b5 32. Re4 Rhe8 33. h4 a5
34. Qe2 b4 35. Qh5+ g6 36. Qxh7+ Ng7 37. Rg4 Re1+ 38. Kf2 Rf1+ 0-1

[Event "XII Festival Ducale A"]
[Site "Genova ITA"]
[Date "2004.07.08"]
[Round "6"]
[White "Rodriguez Alvarez, Alan"]
[Black "Di Paolo, Raffaele"]
[Result "0-1"]
[WhiteElo "2071"]
[BlackElo "2321"]
[PlyCount "74"]
[EventDate "2004.07.04"]

1. e4 c5 2. Nf3 d6 3. d4 cxd4 4. Nxd4 Nf6 5. Nc3 g6 6. Be3 Bg7 7. Qd2 Ng4 8.
Bg5 h6 9. Bh4 Nc6 10. Bb5 Bd7 11. Nde2 Nf6 12. h3 Rc8 13. O-O-O a6 14. Bd3 Qa5
15. Kb1 Be6 16. Bxf6 Bxf6 17. Nd5 Bxd5 18. Qxa5 Nxa5 19. exd5 O-O 20. Ng3 b5
21. Ne4 Be5 22. Nd2 Rc7 23. Rhe1 Rb8 24. c3 b4 25. c4 Nb7 26. g3 Nc5 27. Bc2 b3
28. axb3 a5 29. Nf3 Bf6 30. Nd4 a4 31. bxa4 Nxa4 32. Bxa4 Rxc4 33. Bc2 Bxd4 34.
Rxd4 Rxd4 35. Rxe7 Rxd5 36. Kc1 Rc5 37. Kb1 Re5 0-1

[Event "XII Festival Ducale A"]
[Site "Genova ITA"]
[Date "2004.07.08"]
[Round "6"]
[White "Schmitz, Manuela"]
[Black "Van Hoolandt, Patrick"]
[Result "0-1"]
[WhiteElo "2060"]
[BlackElo "2245"]
[PlyCount "64"]
[EventDate "2004.07.04"]

1. d4 Nf6 2. c4 e6 3. Nf3 Bb4+ 4. Bd2 Qe7 5. Nc3 O-O 6. Qc2 d6 7. a3 Bxc3 8.
Bxc3 Nbd7 9. e3 b6 10. Be2 Bb7 11. b4 Ne4 12. Bb2 f5 13. O-O Ng5 14. Qd1 Rf7
15. a4 a5 16. b5 Raf8 17. Ba3 f4 18. Nxg5 Qxg5 19. Bf3 Bxf3 20. Qxf3 e5 21.
exf4 Qxf4 22. Qxf4 Rxf4 23. c5 Rxd4 24. cxd6 cxd6 25. Rfd1 Nc5 26. Rxd4 exd4
27. Rd1 Nxa4 28. Bxd6 Rd8 29. Bc7 Rd7 30. Bf4 Nc3 31. Rd2 Nxb5 32. Rb2 Nc3 0-1

[Event "XII Festival Ducale A"]
[Site "Genova ITA"]
[Date "2004.07.08"]
[Round "6"]
[White "Virgilio, Gianluca"]
[Black "Astengo, Marcello"]
[Result "0-1"]
[WhiteElo "1883"]
[BlackElo "2056"]
[PlyCount "62"]
[EventDate "2004.07.04"]

1. e4 e6 2. d4 d5 3. Nd2 Nf6 4. e5 Ng8 5. f4 c5 6. c3 Nc6 7. Ndf3 Bd7 8. Bd3
cxd4 9. cxd4 Nb4 10. Bb1 Qa5 11. Bd2 Qa6 12. Qb3 Ba4 13. Qc3 b6 14. b3 Rc8 15.
Qb2 Bb5 16. a4 Bd3 17. Kf2 Nh6 18. Nh3 Bxb1 19. Qxb1 Nd3+ 20. Kg1 Ng4 21. Qf1
Rc2 22. Rc1 Rxc1 23. Bxc1 Bb4 24. Bd2 Bxd2 25. Nxd2 O-O 26. Qe2 Rc8 27. Ng5
Rc1+ 28. Nf1 Re1 29. Qxg4 Nxe5 30. Kf2 Rxf1+ 31. Rxf1 Nxg4+ 0-1

[Event "XII Festival Ducale A"]
[Site "Genova ITA"]
[Date "2004.07.09"]
[Round "7"]
[White "Astengo, Corrado"]
[Black "Rodriguez Alvarez, Alan"]
[Result "0-1"]
[WhiteElo "2161"]
[BlackElo "2071"]
[PlyCount "90"]
[EventDate "2004.07.04"]

1. e4 c5 2. Nf3 Nc6 3. d4 cxd4 4. Nxd4 Nf6 5. Nc3 e5 6. Ndb5 d6 7. Bg5 a6 8.
Na3 b5 9. Bxf6 gxf6 10. Nd5 Bg7 11. Bd3 Ne7 12. c4 O-O 13. Nxe7+ Qxe7 14. O-O
f5 15. cxb5 d5 16. exd5 e4 17. Qe2 Qb4 18. Bc4 Qxb2 19. Nc2 axb5 20. Rab1 Qc3
21. Bb3 Bd7 22. Rfd1 Ra6 23. Rbc1 Rg6 24. Kh1 Qe5 25. Ne3 f4 26. Nf1 Qg5 27. f3
exf3 28. Qxf3 Bg4 29. Qf2 f3 30. g3 Re8 31. d6 Rxd6 32. Rxd6 Qxc1 33. Rd1 Re2
34. Qa7 Qc8 35. Qxf7+ Kh8 36. Qd5 Bf6 37. Rc1 Qe8 38. Rd1 Bh3 39. Kg1 f2+ 40.
Kh1 Bxf1 41. Qf3 Qe7 42. Rxf1 Re1 43. Qxf2 Qe4+ 44. Kg1 Bd4 45. Rxe1 Qxe1+ 0-1

[Event "XII Festival Ducale A"]
[Site "Genova ITA"]
[Date "2004.07.09"]
[Round "7"]
[White "Di Paolo, Raffaele"]
[Black "Geenen, Marc"]
[Result "0-1"]
[WhiteElo "2321"]
[BlackElo "2312"]
[PlyCount "54"]
[EventDate "2004.07.04"]

1. e4 e5 2. Nf3 Nc6 3. Bb5 a6 4. Ba4 Nf6 5. O-O b5 6. Bb3 Bb7 7. d3 Bc5 8. a4
O-O 9. Bg5 h6 10. axb5 axb5 11. Rxa8 Bxa8 12. Bxf6 Qxf6 13. Nc3 b4 14. Nd5 Qd8
15. Qd2 Na5 16. Ba2 Bxd5 17. Bxd5 c6 18. Ba2 Qe7 19. Ra1 Ra8 20. d4 exd4 21.
Qf4 Nc4 22. g4 Qf6 23. Qg3 g5 24. Ne1 Kg7 25. Qb3 d3 26. Kh1 d2 27. Ng2 Qxb2
0-1

[Event "XII Festival Ducale A"]
[Site "Genova ITA"]
[Date "2004.07.09"]
[Round "7"]
[White "Durdevic, Radoslav"]
[Black "Aghayev, Miragha"]
[Result "1-0"]
[WhiteElo "2144"]
[BlackElo "1897"]
[PlyCount "100"]
[EventDate "2004.07.04"]

1. e4 e5 2. Nf3 Nc6 3. Nc3 Nf6 4. d4 exd4 5. Nxd4 Bb4 6. Nxc6 bxc6 7. Bd2 O-O
8. Bd3 Re8 9. Qe2 Bxc3 10. Bxc3 Nxe4 11. Bxe4 f5 12. O-O-O Rxe4 13. Qd2 d5 14.
f3 Re8 15. Rhe1 Be6 16. Qd4 Qd7 17. Re2 Qf7 18. Rde1 Bd7 19. Rxe8+ Rxe8 20.
Rxe8+ Bxe8 21. Qxa7 Qe7 22. Qd4 Qg5+ 23. Qd2 Qh4 24. g3 Qc4 25. Qe1 Bf7 26. b3
Qc5 27. Qe5 Qf8 28. Qxc7 Be8 29. Qe5 Qf7 30. Qd4 Qb7 31. a4 Qe7 32. a5 Bd7 33.
a6 Bc8 34. a7 Bb7 35. b4 h6 36. Qf4 Qf8 37. Qc7 Ba8 38. f4 Kh8 39. Kd2 Kg8 40.
Qb8 Kf7 41. Be5 g6 42. c3 h5 43. Kd3 Qe8 44. Kd4 Qf8 45. Qc7+ Qe7 46. Qb8 Qb7
47. Bc7 Ke7 48. Ke5 Kf7 49. Qxb7 Bxb7 50. Kd6 Ba8 1-0

[Event "XII Festival Ducale A"]
[Site "Genova ITA"]
[Date "2004.07.09"]
[Round "7"]
[White "Maiori, Nicola"]
[Black "Scuderi, David"]
[Result "1-0"]
[WhiteElo "1910"]
[BlackElo "2083"]
[PlyCount "68"]
[EventDate "2004.07.04"]

1. c4 e5 2. Nc3 f5 3. d3 Nf6 4. Bg5 Be7 5. Bxf6 Bxf6 6. e4 d6 7. Qh5+ g6 8. Qh6
c6 9. Nf3 Qe7 10. Qd2 Na6 11. Be2 Be6 12. O-O O-O 13. d4 Qg7 14. dxe5 dxe5 15.
Qd6 Nc7 16. Rad1 Rad8 17. Qc5 Qf7 18. Rxd8 Rxd8 19. Nxe5 Bxe5 20. Qxe5 Rd2 21.
Rd1 Rxd1+ 22. Nxd1 Qd7 23. Ne3 Qd2 24. Bf1 Qd7 25. exf5 gxf5 26. g3 Ne8 27. Qb8
b6 28. Bg2 Kf7 29. Qf4 Nf6 30. h3 b5 31. b3 a5 32. Qf3 bxc4 33. Nxc4 Bd5 34.
Qf4 Bxg2 1-0

[Event "XII Festival Ducale A"]
[Site "Genova ITA"]
[Date "2004.07.09"]
[Round "7"]
[White "Manca, Federico"]
[Black "Pruijssers, Roeland"]
[Result "1/2-1/2"]
[WhiteElo "2366"]
[BlackElo "2257"]
[PlyCount "79"]
[EventDate "2004.07.04"]

1. e4 e5 2. Nf3 Nc6 3. d4 exd4 4. Nxd4 Nf6 5. Nxc6 bxc6 6. e5 Qe7 7. Qe2 Nd5 8.
c4 Nb6 9. Nc3 Ba6 10. b3 O-O-O 11. Bb2 Re8 12. f4 f6 13. O-O-O fxe5 14. fxe5
Qxe5 15. Qc2 Bc5 16. Bd3 Rhf8 17. Kb1 Bd4 18. Bxh7 Rf2 19. Rd2 Rxd2 20. Qxd2
Bxc4 21. Rd1 Bxc3 22. Bxc3 Qh5 23. Bc2 Re2 24. Qd4 Be6 25. Rd2 Rxd2 26. Bxd2
Qxh2 27. Qxg7 Bd5 28. Bd3 Kb7 29. Kc2 Qxg2 30. Qd4 d6 31. a4 c5 32. Qe3 Bc6 33.
Qe2 Qxe2 34. Bxe2 Be4+ 35. Kb2 c4 36. Bxc4 Nxc4+ 37. bxc4 Bd3 38. Kc3 Be2 39.
a5 Ka6 40. Kd4 1/2-1/2

[Event "XII Festival Ducale A"]
[Site "Genova ITA"]
[Date "2004.07.09"]
[Round "7"]
[White "Manfredi, Vincenzo"]
[Black "Gromovs, Sergejs"]
[Result "1-0"]
[WhiteElo "2063"]
[BlackElo "2341"]
[PlyCount "79"]
[EventDate "2004.07.04"]

1. d4 d5 2. c4 Bf5 3. cxd5 Bxb1 4. Qa4+ c6 5. Rxb1 Qxd5 6. Nf3 b5 7. Qc2 Qxa2
8. e4 e6 9. Bd2 a6 10. Bd3 b4 11. Ne5 Qa5 12. Nxc6 Qb6 13. Nxb8 Rxb8 14. Qa4+
Kd8 15. O-O a5 16. Rbc1 Ne7 17. d5 exd5 18. exd5 Nxd5 19. Bf5 Qb5 20. Bg5+ f6
21. Rc8+ Ke7 22. Re1+ Kf7 23. Be6+ Kg6 24. Qc2+ Kxg5 25. Qf5+ Kh6 26. Qh3+ Kg6
27. Qg4+ Kh6 28. Qh4+ Kg6 29. Qg4+ Kh6 30. Bd7 Bc5 31. Bxb5 Rhxc8 32. Qh4+ Kg6
33. Bd3+ f5 34. Bxf5+ Kxf5 35. g4+ Kf4 36. g5+ Kf5 37. Qxh7+ Kg4 38. h3+ Kf4
39. Re4+ Kxg5 40. Re5+ 1-0

[Event "XII Festival Ducale A"]
[Site "Genova ITA"]
[Date "2004.07.09"]
[Round "7"]
[White "Sarno, Spartaco"]
[Black "Godena, Michele"]
[Result "1/2-1/2"]
[WhiteElo "2401"]
[BlackElo "2545"]
[PlyCount "43"]
[EventDate "2004.07.04"]

1. e4 e5 2. Nf3 Nc6 3. Bb5 a6 4. Ba4 Nf6 5. O-O b5 6. Bb3 Bc5 7. c3 d6 8. a4
Bb7 9. d4 Bb6 10. Bg5 h6 11. Bxf6 Qxf6 12. Bd5 O-O 13. Na3 exd4 14. cxd4 Ra7
15. Nc2 bxa4 16. Rxa4 a5 17. h3 Ne7 18. Bxb7 Rxb7 19. Ne3 Re8 20. Re1 Rbb8 21.
Qc2 Qe6 22. Nc4 1/2-1/2

[Event "XII Festival Ducale A"]
[Site "Genova ITA"]
[Date "2004.07.09"]
[Round "7"]
[White "Schmitz, Andreas Arnold"]
[Black "Lazic, Miroljub"]
[Result "0-1"]
[WhiteElo "2243"]
[BlackElo "2471"]
[PlyCount "92"]
[EventDate "2004.07.04"]

1. e4 g6 2. d4 Bg7 3. Nc3 d6 4. Be3 Nd7 5. Bc4 e6 6. Qd2 h6 7. Nge2 a6 8. a4 b6
9. f4 Ne7 10. O-O Nf6 11. Bd3 Ng4 12. f5 exf5 13. exf5 Bxf5 14. h3 Nxe3 15.
Qxe3 O-O 16. g4 Bxd3 17. Qxd3 d5 18. Nf4 Nc6 19. Nfxd5 Nxd4 20. Rae1 Qd6 21.
Rf6 Bxf6 22. Ne4 Nf3+ 23. Qxf3 Bd4+ 24. Kg2 Qd8 25. Rd1 f5 26. Ndf6+ Bxf6 27.
Rxd8 Raxd8 28. gxf5 gxf5 29. Qxf5 Bg7 30. Qe6+ Kh8 31. h4 a5 32. Ng3 Rd6 33.
Qe7 Rg8 34. Kh3 Bf6 35. Qe3 Bd4 36. Qe4 Bxb2 37. Nf5 Rdg6 38. Qe3 Bf6 39. Nxh6
Rg3+ 40. Qxg3 Rxg3+ 41. Kxg3 b5 42. axb5 a4 43. Ng4 a3 44. Nxf6 a2 45. Nd5 a1=Q
46. c4 Qd4 0-1

[Event "XII Festival Ducale A"]
[Site "Genova ITA"]
[Date "2004.07.09"]
[Round "7"]
[White "Sedina, Elena"]
[Black "Rozentalis, Eduardas"]
[Result "1/2-1/2"]
[WhiteElo "2396"]
[BlackElo "2619"]
[PlyCount "58"]
[EventDate "2004.07.04"]

1. e4 e5 2. Nf3 Nc6 3. Nc3 Nf6 4. g3 d5 5. exd5 Nxd5 6. Bg2 Nxc3 7. bxc3 Be7 8.
O-O O-O 9. Re1 Bf6 10. Rb1 Re8 11. h3 e4 12. Nh2 Qd5 13. Ng4 Bxg4 14. hxg4 b6
15. d4 h6 16. Qe2 Qxa2 17. Bf4 Re7 18. Bxe4 Rae8 19. f3 Na5 20. Qb5 g6 21. Bxh6
Qc4 22. Qxc4 Nxc4 23. Kf2 Nd6 24. Bc6 Rxe1 25. Rxe1 Rxe1 26. Kxe1 g5 27. f4 Be7
28. fxg5 Kh7 29. c4 Nxc4 1/2-1/2

[Event "XII Festival Ducale A"]
[Site "Genova ITA"]
[Date "2004.07.09"]
[Round "7"]
[White "Van Hoolandt, Patrick"]
[Black "Calzetta Ruiz, Monica"]
[Result "0-1"]
[WhiteElo "2245"]
[BlackElo "2289"]
[PlyCount "62"]
[EventDate "2004.07.04"]

1. d4 Nf6 2. c4 c5 3. Nf3 cxd4 4. Nxd4 e5 5. Nb5 d5 6. cxd5 Bc5 7. N5c3 O-O 8.
h3 e4 9. g4 Qe7 10. e3 Rd8 11. Bg2 Be6 12. Qc2 Nxd5 13. a3 Nc6 14. Qxe4 Nf6 15.
Qf4 Bd6 16. Qa4 Ne5 17. Nd2 Nd3+ 18. Kf1 Rac8 19. Bf3 Bb8 20. Qc2 Qd6 21. g5
Nxf2 22. Rg1 Nxh3 23. gxf6 Nxg1 24. Nde4 Qh2 25. Qg2 Bh3 26. fxg7 Bxg2+ 27.
Bxg2 Be5 28. Bd2 Nh3 29. Ne2 Rc2 30. Rd1 Bxg7 31. b4 f5 0-1

[Event "XII Festival Ducale A"]
[Site "Genova ITA"]
[Date "2004.07.10"]
[Round "8"]
[White "Barletta, Antonio"]
[Black "Brancaleoni, Maurizio"]
[Result "0-1"]
[WhiteElo "2066"]
[BlackElo "2298"]
[PlyCount "92"]
[EventDate "2004.07.04"]

1. e4 d6 2. d4 Nf6 3. Nc3 Nbd7 4. Nf3 e5 5. Bc4 Be7 6. O-O O-O 7. Qe2 exd4 8.
Nxd4 Ne5 9. Bb3 c5 10. Nf5 Bxf5 11. exf5 Qd7 12. Nd5 Rfe8 13. Ne3 Nc6 14. c3 d5
15. Qf3 d4 16. Ng4 Nxg4 17. Qxg4 Bf6 18. Bg5 Qe7 19. f4 Qd6 20. Rad1 Re3 21. h4
d3 22. Rf2 b5 23. Bd5 Ne7 24. Bf3 Kh8 25. h5 h6 26. Bxf6 gxf6 27. g3 Rg8 28.
Qh3 Qxf4 29. g4 Nc6 30. Bxc6 Qxf2+ 31. Kxf2 Rxh3 32. Kg2 Re3 33. Bf3 c4 34. Kf2
Re5 35. a3 Kg7 36. Kg3 Rge8 37. Kf2 Kf8 38. Ra1 Rb8 39. Rb1 Rb6 40. b3 Ke7 41.
b4 a5 42. bxa5 Ra6 43. a4 bxa4 44. Ra1 Raxa5 45. Ra3 Reb5 46. Bd1 Rb3 0-1

[Event "XII Festival Ducale A"]
[Site "Genova ITA"]
[Date "2004.07.10"]
[Round "8"]
[White "Bonade', Massimo"]
[Black "Manca, Federico"]
[Result "0-1"]
[WhiteElo "2107"]
[BlackElo "2366"]
[PlyCount "56"]
[EventDate "2004.07.04"]

1. d4 Nf6 2. c4 c5 3. d5 b5 4. cxb5 a6 5. bxa6 g6 6. Nc3 Bxa6 7. e4 Bxf1 8.
Kxf1 d6 9. g3 Bg7 10. Kg2 O-O 11. Nge2 Nbd7 12. Rb1 Qa5 13. Qc2 Rfb8 14. b3 Qa6
15. Re1 Ne5 16. Rd1 Rb7 17. f4 Ned7 18. a4 e6 19. Nb5 exd5 20. exd5 Nb6 21.
Nxd6 Re7 22. Nb5 Nbxd5 23. Ng1 Qc6 24. Nf3 Rae8 25. Qd3 Re2+ 26. Kf1 Nb4 27.
Qxe2 Rxe2 28. Kxe2 Qe4+ 0-1

[Event "XII Festival Ducale A"]
[Site "Genova ITA"]
[Date "2004.07.10"]
[Round "8"]
[White "Calzetta Ruiz, Monica"]
[Black "Di Paolo, Raffaele"]
[Result "1-0"]
[WhiteElo "2289"]
[BlackElo "2321"]
[PlyCount "33"]
[EventDate "2004.07.04"]

1. e4 c5 2. Nc3 Nc6 3. f4 g6 4. Nf3 Bg7 5. Bb5 Nd4 6. O-O Nxb5 7. Nxb5 d6 8. d3
a6 9. Nc3 Nf6 10. Qe1 O-O 11. Qh4 Bg4 12. f5 Bxf3 13. Rxf3 Kh8 14. Rh3 Rg8 15.
Nd5 h5 16. Nxf6 Bxf6 17. Qxh5+ 1-0

[Event "XII Festival Ducale A"]
[Site "Genova ITA"]
[Date "2004.07.10"]
[Round "8"]
[White "Carzolio, Luigi"]
[Black "Voltolini, Giuseppe"]
[Result "0-1"]
[WhiteElo "2052"]
[BlackElo "2241"]
[PlyCount "46"]
[EventDate "2004.07.04"]

1. Nf3 d5 2. c4 c6 3. b3 Bf5 4. Bb2 e6 5. g3 h6 6. Bg2 Nf6 7. O-O Nbd7 8. d3
Be7 9. Nbd2 O-O 10. Qc2 Bh7 11. a3 a5 12. Bc3 c5 13. Rab1 d4 14. Ba1 e5 15. Ne1
Qc7 16. e4 dxe3 17. fxe3 Ng4 18. Rf3 Bg5 19. Nf1 e4 20. dxe4 Nge5 21. Rd1 Nxf3+
22. Nxf3 Bf6 23. e5 Bxc2 0-1

[Event "XII Festival Ducale A"]
[Site "Genova ITA"]
[Date "2004.07.10"]
[Round "8"]
[White "Gromovs, Sergejs"]
[Black "Maiori, Nicola"]
[Result "1-0"]
[WhiteElo "2341"]
[BlackElo "1910"]
[PlyCount "55"]
[EventDate "2004.07.04"]

1. d4 d5 2. c4 Nf6 3. cxd5 Qxd5 4. Nc3 Qa5 5. Nf3 Nc6 6. e3 e6 7. Bd2 Bb4 8. a3
Bxc3 9. Bxc3 Qd5 10. Bd3 Ne4 11. O-O O-O 12. Qc2 Nf6 13. e4 Qh5 14. Rae1 Bd7
15. e5 Nd5 16. Re4 f5 17. exf6 Nxf6 18. Rh4 Qd5 19. Bxh7+ Kf7 20. Ne5+ Nxe5 21.
dxe5 Nxh7 22. Qxh7 Bc6 23. Rf4+ Ke8 24. Qg6+ Rf7 25. Qxf7+ Kd8 26. Qf8+ Be8 27.
Rd4 Qxd4 28. Bxd4 1-0

[Event "XII Festival Ducale A"]
[Site "Genova ITA"]
[Date "2004.07.10"]
[Round "8"]
[White "Lazic, Miroljub"]
[Black "Sarno, Spartaco"]
[Result "1-0"]
[WhiteElo "2471"]
[BlackElo "2401"]
[PlyCount "83"]
[EventDate "2004.07.04"]

1. e4 d6 2. d4 Nf6 3. Nc3 g6 4. g3 Bg7 5. Bg2 O-O 6. h3 e5 7. Nge2 Nc6 8. Be3
exd4 9. Nxd4 Bd7 10. O-O Re8 11. Re1 a6 12. Kh2 Nxd4 13. Bxd4 c5 14. Be3 Bc6
15. Qd3 Qc7 16. Rad1 Rad8 17. Bf4 Qb6 18. Bxd6 Bf8 19. e5 c4 20. Qe3 Qxe3 21.
Rxe3 Bxd6 22. Bxc6 bxc6 23. exd6 Rxe3 24. fxe3 Ne8 25. Ne4 f5 26. Nc5 Nxd6 27.
Nxa6 Ra8 28. Nc7 Ra7 29. Rxd6 Rxc7 30. Rd4 Ra7 31. Rxc4 Rxa2 32. b3 Ra6 33. Ra4
Rb6 34. Ra7 Rb5 35. Kg2 Rd5 36. Kf3 Rd2 37. c4 g5 38. Ra5 g4+ 39. hxg4 fxg4+
40. Kxg4 Rd3 41. Kf4 Rxb3 42. Ra6 1-0